[Event "GAMMA Reykjavik Open 2019"]
[Site "Reykjavik"]
[Date "2019.04.10"]
[Round "4.15"]
[White "Cummings, David H."]
[Black "Jones, Gawain C B"]
[Result "0-1"]
[WhiteElo "2338"]
[BlackElo "2698"]
[Annotator "TA"]
[PlyCount "72"]
[EventDate "2019.04.04"]
[EventType "swiss"]
[EventCountry "ISL"]
[SourceTitle "playchess.com"]
[Source "ChessBase"]
[SourceQuality "1"]

{[%evp 16,72,31,19,30,3,14,9,25,8,8,11,12,0,0,0,0,-18,-19,-19,-19,-26,-18,-67,-62,-62,-50,-59,-57,-138,-155,-147,-158,-191,-187,-197,-175,-313,-313,-307,-314,-354,-364,-328,-328,-416,-434,-472,-460,-622,-611,-599,-587,-666,-464,-1080,-1047,-4906,-4821]} 1. c4 g6 2. Nc3 Bg7 3. g3 Nc6 4. Bg2 d6 5. d3 Nf6 6. e4 a6 7. Nge2 O-O 8. O-O e5 9. h3 Nd7 {A26: English Opening vs King's Indian with ...Nc6 and d3} 10. Be3 Nd4 11. f4 c6 {The position is equal.} 12. f5 b5 13. g4 (13. Qd2 Rb8 14. g4 Qb6 15. g5 f6 16. cxb5 axb5 17. h4 {½-½ (57) Petrosian,T (2611)-Amonatov,F (2602) Tashkent 2016}) 13... Rb8 $146 ({Predecessor:} 13... Nb6 14. b3 Rb8 15. Ng3 Qh4 16. Bf2 Qe7 17. Qd2 {1-0 (51) Beaumont,D (2050)-Gorka,C (2149) Melbourne 2012}) 14. Rb1 Nb6 15. b3 b4 16. Na4 Nxa4 17. bxa4 c5 18. Nxd4 exd4 19. Bf4 g5 $36 {[%mdl 2048] Black fights for an advantage.} 20. Bg3 Be5 21. Bxe5 dxe5 22. f6 ({Better is} 22. Bf3 $15) 22... Kh8 $17 23. Rb2 Rg8 24. Rbf2 Rg6 25. Qd2 Rb6 26. Rf5 (26. a5 {was necessary.} Rbxf6 {[%mdl 64] Discovered Attack} 27. a3) 26... Bxf5 $19 27. exf5 Rg8 ({Less strong is} 27... Rgxf6 28. a5 $17) 28. Qe2 Qxf6 29. a5 Rbb8 30. Re1 b3 31. axb3 {Black is clearly winning.} Rxb3 32. Qxe5 Qxe5 33. Rxe5 Rxd3 34. Rxc5 {KRR-KRB} Rd8 35. f6 (35. Bb7 $142 Rxh3 36. Kf1) 35... Rd1+ 36. Kf2 Rd2+ {Accuracy: White = 26%, Black = 82%.} 0-1

[Event "GAMMA Reykjavik Open 2019"]
[Site "Reykjavik"]
[Date "2019.04.10"]
[Round "4.16"]
[White "Gukesh D"]
[Black "Jacobsen, Mikkel Manosri"]
[Result "1/2-1/2"]
[WhiteElo "2536"]
[BlackElo "2302"]
[Annotator "TA"]
[PlyCount "68"]
[EventDate "2019.04.04"]
[EventType "swiss"]
[EventCountry "ISL"]
[SourceTitle "playchess.com"]
[Source "ChessBase"]
[SourceQuality "1"]

{[%evp 16,68,25,0,-3,0,0,4,14,-29,-23,-37,48,25,61,58,67,59,63,59,58,7,0,-33,-33,-39,0,0,0,0,-5,-48,0,0,0,0,0,0,0,0,0,0,0,0,0,0,0,0,0,0,0,0,0,0,0]} 1. e4 c6 2. d4 d5 3. Nc3 dxe4 4. Nxe4 Bf5 5. Ng3 Bg6 6. Nh3 e6 7. Nf4 Qh4 8. c3 {B18: Classical Caro-Kann: 4...Bf5 sidelines} Nd7 9. Qb3 {LiveBook: 3 Games} O-O-O 10. Nh3 $146 {[#] Black must now prevent Bg5.} ({Predecessor:} 10. Qa4 Kb8 11. Qa5 e5 12. Nxg6 hxg6 13. Be2 Bd6 14. Be3 Bc7 15. Qa3 Nb6 16. dxe5 Bxe5 {0-1 (34) Govedarica,R (2395)-Pikula,D (2535) Kragujevac 2010}) 10... Qe7 11. Be2 Ngf6 12. Nf4 e5 13. dxe5 Nxe5 ({Black should play} 13... Qxe5 $15 14. O-O Bc5) 14. Be3 c5 15. O-O Qc7 16. Qa4 Kb8 17. Rad1 Bd6 18. b4 ({White should try} 18. Rd2 $14) 18... Ned7 $1 $11 19. Rxd6 Qxd6 20. Qa3 {[%cal Rb4c5]} b6 21. Qa6 $1 Qc7 ({Don't blunder} 21... cxb4 $2 22. Bf3 $18) 22. a4 $1 Rhe8 23. a5 $1 Qb7 24. Qc4 {[%cal Rb4c5] The position is equal.} Ne5 25. Qa2 $1 cxb4 {Threatens to win with ...Ne4.} 26. axb6 axb6 27. cxb4 Nd5 28. Nxd5 Qxd5 29. Qa4 Qa8 30. Qb3 Bd3 31. Bxb6 Bxe2 32. Nxe2 Rd3 33. Qc2 $1 {[%csl Gb6][%cal Rc2c7] [#]} Qc6 34. Bc5 $1 {f4 is the strong threat.} Red8 {Accuracy: White = 68%, Black = 67%.} 1/2-1/2

[Event "GAMMA Reykjavik Open 2019"]
[Site "Reykjavik"]
[Date "2019.04.10"]
[Round "4.17"]
[White "Stefansson, Vignir Vatnar"]
[Black "Hjartarson, Johann"]
[Result "0-1"]
[WhiteElo "2293"]
[BlackElo "2520"]
[Annotator "TA"]
[PlyCount "180"]
[EventDate "2019.04.04"]
[EventType "swiss"]
[EventCountry "ISL"]
[SourceTitle "playchess.com"]
[Source "ChessBase"]
[SourceQuality "1"]

{[%evp 35,180,21,21,21,13,9,35,20,41,32,35,0,8,-5,39,20,13,12,2,16,0,0,0,0,0,0,0,0,0,0,0,0,0,-141,-138,-306,-316,-323,-321,-344,-344,-344,-344,-336,-336,-333,-326,-335,-335,-490,-487,-473,-399,-477,-469,-581,-82,-100,-101,-749,-738,-671,-573,-554,-546,-641,-167,-167,-160,-160,-160,-160,-71,-160,-160,-160,0,-138,-65,-65,-65,-98,-65,-65,-87,-65,-68,-271,-271,-813,-810,-806,-806,-711,-373,-373,-370,-370,-370,-370,-370,-370,-370,-370,-370,-370,-343,-343,-343,-343,-343,-343,-343,-343,-343,-343,-343,-343,-343,-671,-617,-5057,-4991,-5092,-5092,-5065,-5065,-4966,-610,-1404,-1139,-1062,-912,-29979,-29980,-29980,-29981,-29980,-29982,-29982,-29983,-29982,-729,-29991,-29992,-29996,-29997]} 1. d4 Nf6 2. c4 e6 3. g3 c5 4. d5 exd5 5. cxd5 d6 6. Nc3 g6 7. Bg2 Bg7 8. Nf3 {[%cal Bg1f3,Bf3d2,Bd2c4][%mdl 32]} O-O 9. O-O a6 10. a4 Nbd7 11. Nd2 Re8 12. h3 Rb8 13. Nc4 Nb6 14. Na3 Bd7 15. a5 Nc8 16. Nc4 Bb5 17. Qb3 Bxc4 18. Qxc4 {A64: Modern Benoni: Fianchetto Variation: 9...Nbd7 10 Nd2 a6 11 a4 Re8} Nd7 {LiveBook: 30 Games} 19. Bf4 (19. Qa4 Na7 20. Bf4 Ne5 21. Rab1 b5 22. axb6 Qxb6 23. Ra1 Nb5 24. Qxa6 Nd4 25. Rfb1 Qc7 {0-1 (65) Williams,J (2371)-Bruzon Batista,L (2660) Saint Louis 2017}) 19... Ne5 20. Qa4 {The position is equal.} h6 $146 ({Predecessor:} 20... b5 21. axb6 Rxb6 22. Rab1 Na7 23. Ne4 Nb5 24. Bd2 Qe7 25. b4 c4 {0-1 (47) Ebert,B-Brooks,I France 1994}) 21. h4 b5 22. axb6 Rxb6 23. Bxe5 (23. Ra2 {looks sharper.} Na7 24. Ne4 Nb5 25. Nd2 Nd4 26. Qd1) 23... Rxe5 24. Qc2 Qd7 25. Ra2 h5 26. Rfa1 Qb7 27. e3 Re8 28. Bf1 {[%cal Rf1a6]} a5 29. Bc4 Rb4 30. Qe2 Ne7 {[%cal Bc8e7,Be7f5,Bf5g3][%mdl 32]} 31. Nb5 Nf5 32. Rxa5 Rxb2 33. Qd3 Qe7 {aiming for ...Nxh4!} 34. Ra7 {[#]} (34. R1a2 $11) 34... Qe5 $1 $17 {Threatens to win with ...Nxg3.} 35. R1a2 $2 (35. Ra8 $17 Rxa8 36. Rxa8+ Kh7 37. Ra7) 35... Rxa2 $19 36. Rxa2 {[#]} Nxg3 $1 {[%mdl 512]} 37. fxg3 Qxg3+ 38. Rg2 Qe1+ 39. Qf1 Qxe3+ 40. Qf2 Qc1+ 41. Bf1 Re1 42. Rg3 ({Don't go for} 42. Nxd6 $2 Bd4 $19) (42. Qf3 {was the only chance.} Qb1 43. Re2 Rxf1+ 44. Qxf1 Qxb5 45. Re7 Bd4+ 46. Kg2 Qb2+ 47. Re2) 42... Be5 43. Rf3 f5 44. Kg2 Re4 45. Kh3 Bf6 $2 (45... c4 $19 {is more deadly.} 46. Qg1 Rg4) 46. Nxd6 $17 Rxh4+ 47. Qxh4 $4 {[%mdl 8192]} (47. Kg2 $17) 47... Bxh4 $19 48. Kxh4 Qe1+ 49. Kh3 {[#]} f4 $1 {[%mdl 512]} 50. Nc4 (50. Rxf4 Qe3+) 50... Qd1 $2 (50... Qe4 51. Kg2 Qxd5) 51. Rxf4 Qxd5 {White must now prevent ...g5.} 52. Bg2 Qd7+ 53. Kg3 Kg7 (53... g5 $142 54. Re4 Qd3+ 55. Kh2 Kg7) 54. Re4 (54. Ne3 $142) 54... g5 $17 55. Bf3 Qc7+ $2 (55... Qd3 $17 {...g4 is the strong threat.} 56. Ne3 g4) 56. Kg2 (56. Re5 $1 $11) 56... h4 (56... g4 $17 57. Bd1 Qf7) 57. Rg4 $1 $15 Qd8 58. Re4 Qb8 {( -> ...Qg3+)} 59. Rg4 $1 Kf6 60. Be2 Qa8+ 61. Bf3 $2 {[#]} (61. Kf2 $15) 61... Qa2+ $1 $19 62. Kh3 $2 (62. Kg1) 62... Qf2 63. Bg2 Qe2 64. Bh1 Qd3+ 65. Kh2 Qd1 66. Re4 g4 {Hoping for ...g3+.} 67. Bg2 h3 68. Ne3 Qd6+ 69. Kg1 hxg2 70. Rxg4 {[%mdl 4096] Endgame KQ-KRN} Qd2 71. Rf4+ Ke6 72. Re4+ Kd7 73. Nxg2 Kc6 74. Kf1 Kb5 75. Re2 Qh6 76. Ne3 c4 77. Ke1 $2 (77. Nc2) 77... Kb4 78. Nd5+ Kb3 79. Re3+ Kb2 80. Re2+ Kc1 81. Ne3 Qh4+ (81... Kb1 $142 82. Kd2 Qd6+ 83. Ke1 Qd4) 82. Kf1 {White hopes to continue with Rc2+.} Qf4+ 83. Ke1 Kb1 84. Kd1 c3 85. Ke1 Qg3+ 86. Kf1 Qf3+ 87. Ke1 Qf4 88. Kd1 Qxe3 (88... Qh4 $142 89. Nf1 Qh1 90. Ke1 c2 91. Rxc2 Kxc2 92. Kf2 Kd3 93. Ng3 Qd5 94. Nf1 Qd4+ 95. Kf3 Qe4+ 96. Kg3 Qe1+ 97. Kf4 Qxf1+ 98. Ke5 Qf7 99. Kd6 Kd4 100. Kc6 Qd5+ 101. Kb6 Qd7 102. Ka5 Qb7 103. Ka4 Kc4 104. Ka5 Qb5#) 89. Rb2+ Ka1 90. Rb1+ Ka2 {Precision: White = 43%, Black = 60%.} 0-1

[Event "GAMMA Reykjavik Open 2019"]
[Site "Reykjavik"]
[Date "2019.04.10"]
[Round "4.18"]
[White "Kanarek, Marcel"]
[Black "L'Ami, Alina"]
[Result "1-0"]
[WhiteElo "2505"]
[BlackElo "2290"]
[Annotator "ChessBase"]
[PlyCount "119"]
[EventDate "2019.04.04"]
[EventType "swiss"]
[EventCountry "ISL"]
[SourceTitle "playchess.com"]
[Source "ChessBase"]
[SourceQuality "1"]
[TimeControl "40/5400+30:1800+30"]

1. d4 {[%emt 0:00:00]} Nf6 {[%emt 0:00:00]} 2. c4 {[%emt 0:00:00]} g6 {[%emt 0:00:00]} 3. Nc3 {[%emt 0:00:00]} Bg7 {[%emt 0:00:00]} 4. e4 {[%emt 0:00:00]} d6 {[%emt 0:00:45]} 5. h3 {[%emt 0:00:00]} O-O {[%emt 0:00:08]} 6. Be3 {[%emt 0:00:07]} c5 {[%emt 0:00:10]} 7. d5 {[%emt 0:00:18]} e6 {[%emt 0:02:33]} 8. Bd3 {[%emt 0:00:55]} exd5 {[%emt 0:02:40]} 9. exd5 {[%emt 0:00:13]} a6 {[%emt 0:01:30]} 10. a4 {[%emt 0:00:53]} Nbd7 {[%emt 0:00:50]} 11. Nf3 {[%emt 0:00:33]} Re8 {[%emt 0:03:06]} 12. O-O {[%emt 0:00:11]} Ne5 {[%emt 0:01:01]} 13. Nxe5 {[%emt 0:04:59]} Rxe5 {[%emt 0:03:00]} 14. Bf4 {[%emt 0:06:58]} Re8 {[%emt 0:01:30]} 15. Bh2 {[%emt 0:24:37]} b6 {[%emt 0:16:21]} 16. Qf3 {[%emt 0:10:58]} Ra7 {[%emt 0:06:03]} 17. g4 {[%emt 0:04:52]} h5 {[%emt 0:04:45]} 18. g5 {[%emt 0:03:34]} Nh7 {[%emt 0:15:01]} 19. h4 {[%emt 0:01:28]} Bg4 {[%emt 0:00:51]} 20. Qg2 {[%emt 0:03:23]} Qd7 {[%emt 0:10:09]} 21. Rfe1 {[%emt 0:01:08]} Raa8 {[%emt 0:00:11]} 22. f3 {[%emt 0:06:19]} Bh3 {[%emt 0:02:55]} 23. Qc2 {[%emt 0:03:35]} Re7 {[%emt 0:06:03]} 24. Bg3 {[%emt 0:08:37]} Rae8 {[%emt 0:01:35]} 25. Rxe7 {[%emt 0:01:06]} Rxe7 {[%emt 0:01:16]} 26. Kh2 {[%emt 0:06:40]} Be5 {[%emt 0:04:00]} 27. Ne2 {[%emt 0:05:00]} Qc8 {[%emt 0:03:43]} 28. Nf4 {[%emt 0:04:27]} Bd7 {[%emt 0:05:25]} 29. Kg2 {[%emt 0:00:55]} Nf8 {[%emt 0:01:15]} 30. Ne2 {[%emt 0:00:44]} Qe8 {[%emt 0:02:24]} 31. Kf2 {[%emt 0:00:33]} b5 {[%emt 0:02:08]} 32. Bxe5 {[%emt 0:01:29]} Rxe5 {[%emt 0:00:04]} 33. axb5 {[%emt 0:00:03]} axb5 {[%emt 0:00:05]} 34. b3 {[%emt 0:00:41]} Bf5 {[%emt 0:01:18]} 35. Ng3 {[%emt 0:00:44]} Bxd3 {[%emt 0:01:19]} 36. Qxd3 {[%emt 0:00:01]} bxc4 {[%emt 0:02:44]} 37. bxc4 {[%emt 0:00:01]} Qb8 {[%emt 0:00:08]} 38. Rb1 {[%emt 0:00:26]} Qa8 {[%emt 0:00:19]} 39. Ne4 {[%emt 0:00:49]} Nd7 {[%emt 0:00:43]} 40. Kg3 {[%emt 0:00:00]} Qa6 {[%emt 0:00:00]} 41. Re1 {[%emt 0:18:45]} Qa5 {[%emt 0:07:40]} 42. Re2 {[%emt 0:02:04]} Qa1 {[%emt 0:01:17]} 43. Kg2 {[%emt 0:05:44]} Qa6 {[%emt 0:07:58]} 44. Qb3 {[%emt 0:02:55]} Re8 {[%emt 0:10:52]} 45. Ra2 {[%emt 0:01:07]} Qc8 {[%emt 0:02:55]} 46. Nxd6 {[%emt 0:02:47]} Qb8 {[%emt 0:00:01]} 47. Qxb8 {[%emt 0:00:31]} Rxb8 {[%emt 0:00:01]} 48. Ra7 {[%emt 0:00:29]} Ne5 {[%emt 0:01:18]} 49. f4 {[%emt 0:00:53]} Rb2+ {[%emt 0:00:17]} 50. Kg3 {[%emt 0:00:36]} Rb3+ {[%emt 0:00:12]} 51. Kg2 {[%emt 0:01:28]} Rb2+ {[%emt 0:00:05]} 52. Kf1 {[%emt 0:00:10]} Ng4 {[%emt 0:02:17]} 53. Ra8+ {[%emt 0:00:38]} Kh7 {[%emt 0:00:26]} 54. Ne4 {[%emt 0:00:48]} Kg7 {[%emt 0:02:33]} 55. d6 {[%emt 0:00:04]} Ne3+ {[%emt 0:00:49]} 56. Ke1 {[%emt 0:00:42]} Ng2+ {[%emt 0:00:45]} 57. Kd1 {[%emt 0:00:28]} Ne3+ {[%emt 0:00:09]} 58. Kc1 {[%emt 0:00:22]} Rc2+ {[%emt 0:00:11]} 59. Kb1 {[%emt 0:00:02]} Rxc4 {[%emt 0:00:10]} 60. Nf6 {[%emt 0:00:54]} 1-0

[Event "GAMMA Reykjavik Open 2019"]
[Site "Reykjavik"]
[Date "2019.04.10"]
[Round "4.19"]
[White "Sohal, Tanraj"]
[Black "Tang, Andrew"]
[Result "0-1"]
[WhiteElo "2280"]
[BlackElo "2501"]
[Annotator "TA RC"]
[PlyCount "76"]
[EventDate "2019.04.04"]
[EventType "swiss"]
[EventCountry "ISL"]
[SourceTitle "playchess.com"]
[Source "ChessBase"]
[SourceQuality "1"]

{[%evp 24,76,0,0,4,0,11,0,0,-33,-34,-30,-27,-33,0,-42,-47,-58,-52,-61,-61,-47,-56,-55,-22,-60,-52,-68,-21,-17,-22,-95,-107,-105,-109,-150,-30,-504,-371,-435,-435,-435,-435,-427,-51,-427,-427,-424,-424,-866,-867,-833,-827,-823,-803]} 1. d4 d5 2. c4 e6 3. Nc3 Be7 4. Nf3 Nf6 5. Bg5 h6 6. Bh4 O-O 7. e3 b6 8. Bd3 Bb7 9. O-O Nbd7 10. Bg3 Nh5 {D58: Queen's Gambit Declined: Tartakower Defence} (10... c5 11. cxd5 Nxd5 12. Nxd5 Bxd5 13. Qe2 cxd4 14. Nxd4 Bf6 15. Rfd1 Bxd4 16. exd4 Nb8 17. Rac1 Nc6 18. Bb5 Rc8 19. Rc3 Ne7 20. Ba6 Rxc3 21. bxc3 Nf5 {½-½ (56) Nakamura,H (2798)-So,W (2788) Saint Louis 2015}) 11. cxd5 Nxg3 12. hxg3 exd5 13. Rc1 {LiveBook: 3 Games} Nf6 14. Ne5 a6 15. Bb1 Bd6 $146 ({Predecessor:} 15... Qd6 16. g4 c5 17. Qf3 Rad8 18. Rcd1 b5 19. Ne2 Ne4 20. Nf4 Bf6 {1-0 (53) Gavrilov,A (2244)-Garcia,J (2090) Dos Hermanas 2004}) 16. Qf3 Re8 17. Nc4 Bf8 18. Ne5 Rb8 19. Rfd1 Bd6 20. e4 {[%cal Rc3d5]} Bxe5 21. dxe5 Rxe5 22. Nxd5 Bxd5 23. exd5 Qd7 24. Qc3 Rbe8 25. a3 Qg4 26. Qf3 Qg5 27. Qf4 {[#]} (27. Rf1 $1 $11 {remains equal.}) 27... Qh5 $1 $17 {Threatens to win with ...Ng4.} ({Much weaker is} 27... Nxd5 $6 28. Qxg5 hxg5 29. Ba2 $11) 28. f3 Nxd5 29. Qa4 {aiming for Rxd5!} b5 ({Black should try} 29... Ne3 $17 {Strongly threatening ...Qg5.} 30. Re1 Qg5) 30. Qxa6 $2 {[%mdl 8192]} (30. Qc2 $1 $11 {and White has nothing to worry.}) 30... Ne3 31. Re1 Ng4 32. fxg4 Rxe1+ 33. Rxe1 Rxe1+ $19 {KQR-KQB} 34. Kf2 {Qc8+ would kill now.} Qe5 {[%csl Ge1][%cal Re5e3] Black is clearly winning.} 35. Qc8+ Qe8 36. Bf5 (36. Qxe8+ $142 Rxe8 37. Bd3) 36... Re2+ {[%mdl 64] [#] Double Attack} 37. Kf3 Qxc8 38. Bxc8 Rxb2 {Accuracy: White = 43%, Black = 68%.} 0-1

[Event "GAMMA Reykjavik Open 2019"]
[Site "Reykjavik"]
[Date "2019.04.10"]
[Round "4.20"]
[White "Loiseau, Quentin"]
[Black "Ortega Ruiz, Jose Miguel"]
[Result "1-0"]
[WhiteElo "2461"]
[BlackElo "2281"]
[Annotator "TA"]
[PlyCount "165"]
[EventDate "2019.04.04"]
[EventType "swiss"]
[EventCountry "ISL"]
[SourceTitle "playchess.com"]
[Source "ChessBase"]
[SourceQuality "1"]

{[%evp 18,165,10,12,29,10,15,11,27,-32,0,-7,-6,-10,28,25,49,48,41,54,61,20,52,64,56,56,164,162,162,37,16,3,6,0,0,0,0,0,0,0,122,106,185,177,181,186,189,184,216,231,150,76,81,69,76,83,79,59,76,8,7,8,7,3,22,5,16,19,22,19,16,8,8,8,8,8,100,23,24,24,29,30,89,89,89,22,22,22,22,16,22,22,22,22,22,22,45,45,45,45,45,45,45,45,45,22,45,0,0,0,0,0,0,0,0,0,0,0,0,0,0,0,0,0,0,0,0,0,0,0,0,0,0,0,0,0,0,0,0,0,0,0,0,0,0,0,1228,0,0,0]} 1. Nf3 Nf6 2. c4 e6 3. g3 d5 4. d4 dxc4 5. Bg2 c5 6. O-O Nc6 7. dxc5 Qxd1 8. Rxd1 Bxc5 9. Nbd2 c3 10. bxc3 Bd7 {E04: Open Catalan: 5 Nf3} 11. Nb3 Be7 12. Nfd4 Rc8 13. Rb1 (13. Nb5 $11) 13... O-O {[#]} 14. Be3 $146 ({Predecessor:} 14. Nxc6 Bxc6 15. Bxc6 bxc6 16. c4 Ne4 17. Rd7 Rfe8 18. Bb2 Rb8 19. Rbd1 Nc5 20. Rxe7 Rxe7 21. Nxc5 h5 22. Be5 Rb4 23. Rd8+ Kh7 24. Bd6 {1-0 (24) Martirosyan,H (2616)-Vidit,S (2711) chess.com INT 2019}) 14... Nd8 15. Nf3 Nd5 16. c4 $36 {[%mdl 2112] Decoy. White has the initiative.} Rxc4 17. Ne5 {[%mdl 64] Double Attack} Rc7 18. Bxa7 Nc6 19. Bxd5 Nxe5 20. Bb6 Rc2 21. Nd4 Rxe2 (21... Rc3 $14 22. Bxb7 Ba4) 22. Nxe2 $18 exd5 23. f4 ({Don't play} 23. Rxd5 $6 Nf3+ 24. Kg2 Bc6 $11) (23. Nc3 $18) 23... Nc4 $14 24. Bf2 Bg4 25. Rxb7 Bf6 26. Re1 Nd2 $1 {[%cal Rd2f3] ...Nf3+ is the strong threat.} 27. Kg2 Bf3+ 28. Kh3 {Threatens to win with Bd4.} d4 (28... h5 $11) 29. Rb2 $16 Nc4 (29... d3 $16 30. Rxd2 dxe2) 30. Rb3 $18 ({Don't take} 30. Nxd4 $6 Bxd4 31. Bxd4 Nxb2 $14) 30... d3 31. Rxd3 Be4 32. Rb3 $1 Nd2 33. Re3 h5 {[#]} 34. Rd1 ({White should play} 34. Ng1 $1 Bb7 35. g4) 34... Bf5+ $16 35. Kg2 Nc4 36. Rb3 {Black must now prevent Nd4.} Ra8 37. Nc3 Bc2 {[#]} 38. Rc1 (38. Rd7 $1 $16) 38... Bxb3 $11 39. axb3 Nd2 40. Nd5 {White wants to play b4.} Nxb3 41. Rd1 Ra2 42. Nxf6+ gxf6 {[%mdl 4096] Endgame KRB-KRN} 43. Rd5 Nd2 {And now ...Ne4 would win.} 44. Be1 Nc4+ 45. Kh3 Ne3 46. Rxh5 {next Bc3 is good for White.} Kg7 (46... Nf1 $11 47. Kg4 Nxh2+ 48. Kf5 Rb2) 47. g4 (47. Bc3 $16) 47... Nf1 {[%csl Gf1][%cal Ra2h2]} 48. Bg3 $1 Ra3 49. Rb5 Nxg3 (49... Ne3 $11 {remains equal.}) 50. hxg3 {KR-KR} Ra1 51. g5 ({White should try} 51. Rd5 $16) 51... fxg5 52. Rxg5+ Kf6 53. Kg4 Ra3 54. Rb5 Ra1 55. Rb6+ Kg7 56. Kg5 Ra5+ 57. f5 Rc5 58. g4 Ra5 59. Kh5 Rc5 60. Rb2 Ra5 61. Rf2 Rb5 62. g5 Rb1 63. Rh2 Rg1 64. f6+ Kh7 65. Rh3 Rg2 66. Rh1 Rg3 67. Ra1 Rg2 68. Ra8 Rg1 69. Rf8 Rh1+ 70. Kg4 Rg1+ 71. Kf5 Rf1+ 72. Ke5 Re1+ 73. Kd6 Kg6 74. Rg8+ Kf5 75. Kd7 Re2 76. Re8 Ra2 77. Ke7 Ra7+ 78. Kf8 Kg6 79. Kg8 Rb7 80. Ra8 Rc7 81. Kh8 $1 {Hoping for Rg8+.} Rb7 $2 {[%mdl 8192]} (81... Kxg5 $11 82. Kg7 Rd7) 82. Kg8 $2 ({Only move:} 82. Rg8+ $18 Kf5 83. Kh7) 82... Rb1 83. Rf8 {[%mdl 32768] Accuracy: White = 50%, Black = 64%. . Loss on time!?} 1-0

[Event "GAMMA Reykjavik Open 2019"]
[Site "Reykjavik"]
[Date "2019.04.10"]
[Round "4.21"]
[White "Kevlishvili, Robby"]
[Black "Jaksland, Tim"]
[Result "1-0"]
[WhiteElo "2451"]
[BlackElo "2222"]
[Annotator "RC"]
[PlyCount "75"]
[EventDate "2019.04.04"]
[EventType "swiss"]
[EventCountry "ISL"]
[SourceTitle "playchess.com"]
[Source "ChessBase"]
[SourceQuality "1"]
[TimeControl "40/5400+30:1800+30"]

1. e4 {[%emt 0:00:00]} c5 {[%emt 0:00:00]} 2. Nf3 {[%emt 0:00:00]} g6 {[%emt 0:00:00]} 3. c4 {[%emt 0:00:14]} Bg7 {[%emt 0:00:19]} 4. d4 {[%emt 0:00:15]} cxd4 {[%emt 0:00:15]} 5. Nxd4 {[%emt 0:00:05]} Nc6 {[%emt 0:00:14]} 6. Be3 {[%emt 0:00:05]} Nf6 {[%emt 0:00:21]} 7. Nc3 {[%emt 0:00:05]} O-O {[%emt 0:00:21]} 8. Be2 {[%emt 0:00:06]} b6 {[%emt 0:00:26]} 9. O-O {[%emt 0:02:02]} Bb7 {[%emt 0:00:06]} 10. f3 {[%emt 0:00:27]} e6 {[%emt 0:00:39]} 11. Qd2 {[%emt 0:17:15]} d5 {[%emt 0:01:09]} 12. Nxc6 {[%emt 0:01:14]} Bxc6 {[%emt 0:00:07]} 13. cxd5 {[%emt 0:00:43]} exd5 {[%emt 0:00:08]} 14. e5 {[%emt 0:00:05]} Ne8 {[%emt 0:00:30]} 15. f4 {[%emt 0:01:16]} f6 {[%emt 0:00:28]} 16. Bd4 {[%emt 0:04:21]} Qe7 {[%emt 0:18:14]} 17. Bf3 {[%emt 0:04:58]} Rd8 {[%emt 0:02:27]} 18. Rae1 {[%emt 0:04:25]} fxe5 {[%emt 0:02:38]} 19. Bxe5 {[%emt 0:00:17]} Bxe5 {[%emt 0:04:34]} 20. Rxe5 {[%emt 0:00:20]} Qc5+ {[%emt 0:02:49]} 21. Kh1 {[%emt 0:00:35]} Nf6 {[%emt 0:01:03]} 22. f5 {[%emt 0:11:49]} Qc4 {[%emt 0:25:03]} 23. Be2 {[%emt 0:05:58]} Qh4 {[%emt 0:01:27]} 24. Rf4 {[%emt 0:00:24]} Ne4 {[%emt 0:13:53]} 25. Nxe4 {[%emt 0:22:56]} dxe4 {[%emt 0:00:18]} 26. Qc1 {[%emt 0:00:04]} Qh6 {[%emt 0:03:16]} 27. Qc4+ {[%emt 0:04:37]} Kh8 {[%emt 0:14:11]} 28. Qc3 {[%emt 0:00:21]} Qg7 {[%emt 0:00:29]} 29. f6 {[%emt 0:01:48]} Qd7 {[%emt 0:00:46]} 30. Re7 {[%emt 0:02:18]} Qd2 {[%emt 0:01:03]} 31. Rxh7+ {[%emt 0:06:37]} Kxh7 {[%emt 0:00:27]} 32. Rh4+ {[%emt 0:00:04]} Kg8 {[%emt 0:00:35]} 33. f7+ {[%emt 0:00:05]} Kxf7 {[%emt 0:01:05]} 34. Bc4+ {[%emt 0:02:45]} Bd5 {[%emt 0:03:20]} 35. Qxd2 {[%emt 0:00:48]} Bxc4 {[%emt 0:00:08]} 36. Qc2 {[%emt 0:01:16]} Kg7 {[%emt 0:04:35]} 37. Qc3+ {[%emt 0:00:23]} Rf6 {[%emt 0:00:07]} 38. h3 {[%emt 0:00:05]} 1-0